000
00302nam a22001337a 4500
020
_a
0-19-565854-X
082
_a
510
_b
ROY/M
100
_a
A.K.ROY
245
_a
MATHEMATICS CBSE X
260
_a
CHENNAI
_b
OXFORD UNIVERSITY PRESS
_c
2002
300
_a
543
650
_a
MATHS FOR CLASS X
_z
INDIA
942
_c
BK
999
_c
744
_d
744